| 000 | 00463cam a2200181ua 4500 | ||
|---|---|---|---|
| 001 | 5283 | ||
| 005 | 20260515113846.0 | ||
| 008 | 120808n enk |||gr||||Z||||||eng | ||
| 040 | _cMAIN | ||
| 082 | _a821 | ||
| 100 |
_aEliot, T. S., _eAuthor, |
||
| 245 | 1 | 1 |
_aThe use of poetry and the use of criticism _cby T. S. Eliot |
| 250 | _a1st. | ||
| 260 |
_aLondon: _bFaber and faber limited., _c1964. |
||
| 300 |
_a156p: _c15cm. |
||
| 653 | _aEnglish poetry | ||
| 942 | _cBK | ||
| 999 |
_c4461 _d4461 |
||